Zhodnotenie možností využitia etických nástrojov v činnosti konkrétnej právnickej osoby na Slovensku bakalárska práca

Gespeichert in:
Bibliographische Detailangaben
1. Verfasser: Gašparík, Matúš
Körperschaft: Fakulta hospodárskej informatiky EU. Katedra účtovníctva a audítorstva
Weitere Verfasser: Meluchová, Jitka, 1965-
Format: Buch
Sprache:Slowakisch
Veröffentlicht: Bratislava 2025
Tags: Tag hinzufügen
Keine Tags, Fügen Sie das erste Tag hinzu!

MARC

LEADER 00000nbm a2200000 4500
001 0310655
005 20251204104406.1
041 0 |a slo 
044 |a SK 
245 1 0 |a Zhodnotenie možností využitia etických nástrojov v činnosti konkrétnej právnickej osoby na Slovensku  |b bakalárska práca  |c Matúš Gašparík ; školiteľ: Jitka Meluchová 
264 1 |a Bratislava  |c 2025 
300 |a 51 s. 
100 1 |a Gašparík, Matúš 
700 1 |a Meluchová, Jitka, 1965- 
710 2 |a Fakulta hospodárskej informatiky EU. Katedra účtovníctva a audítorstva